| 000 | 00405nam a22001577a 4500 | ||
|---|---|---|---|
| 999 |
_c15614 _d15614 |
||
| 003 | OSt | ||
| 008 | 190520b ||||| |||| 00| 0 eng d | ||
| 020 | _a9789380428871 | ||
| 082 |
_a574.192 _bJAS/FU |
||
| 100 |
_aJasmine, Indra G. _94102 |
||
| 245 | _aFundamentals of Biochemistry | ||
| 260 |
_aDelhi _bNarendra Publishing House _c2017 |
||
| 300 | _a288 p. | ||
| 700 |
_aRathnakumar, k _94103 |
||
| 942 | _cBK | ||